Meranie, vyhodnocovanie a simulácia prevádzkových náhodných procesov
Enregistré dans:
| Auteur principal: | |
|---|---|
| Autres auteurs: | , |
| Format: | Livre |
| Langue: | slovaque |
| Publié: |
Bratislava
Veda
1984
|
| Tags: |
Pas de tags, Soyez le premier à ajouter un tag!
|
MARC
| LEADER | 00000nam a2200000 4500 | ||
|---|---|---|---|
| 001 | c117040 | ||
| 005 | 20041019155206.4 | ||
| 041 | 0 | |a slo | |
| 044 | |a SK | ||
| 245 | 1 | 0 | |a Meranie, vyhodnocovanie a simulácia prevádzkových náhodných procesov |c Jozef Čačko, Matěj Bílý, Juraj Bukoveczky |
| 264 | 1 | |a Bratislava |b Veda |c 1984 | |
| 300 | |a 210 s. | ||
| 100 | 1 | |a Čačko, Jozef | |
| 700 | 1 | |a Bílý, Matěj | |
| 700 | 1 | |a Bukoveczky, Juraj | |